| 000 | 02966cam a22005054i 4500 | ||
|---|---|---|---|
| 003 | PE-LiUPU | ||
| 005 | 20250731173328.0 | ||
| 008 | 150625s2006 sp r 000 0 spa d | ||
| 020 | _a8479148527 | ||
| 035 | _a(Sirsi) i9788479148522 | ||
| 040 |
_aPE-LiUPU _bspa _cPE-LiUPU _erda |
||
| 049 | _aPRUA | ||
| 082 | 0 | 4 |
_a281.0888 _bM791 _221 |
| 100 | 1 |
_aMoreschini, Enrico Norelli, _eautor. |
|
| 245 | 1 | 0 |
_aHistoria de la literatura cristiana antigua griega y latina : _bdesde Pablo hasta la edad constantiniana. _n1 / _cClaudio Moreschini, Enrico Norelli ; [traducción del original italiano realizada por Guillermo Martín Rodríguez]. |
| 264 | 1 |
_aMadrid : _bBiblioteca de Autores Cristianos, _c2006. |
|
| 300 |
_a502 páginas ; _c24 centímetros. |
||
| 336 |
_atext _2rdacontent |
||
| 337 |
_aunmediated _2rdamedia |
||
| 338 |
_avolume _2rdacarrier |
||
| 490 | 0 |
_aBAC maior ; _v83 |
|
| 505 | 0 | _aLas cartas de Pablo y de la tradición paulina -- La tradición evangélica -- La tradición joánica -- Los apocalipsis cristianos más antiguos -- Cartas no paulinas -- Tratados en formas de carta -- Disciplina eclesiástica -- Evolución de la tradición evangélica -- Hechos apócrifos de los Apóstoles -- Problemas de la tradición de la autoría -- Gnósticos -- Montanistas -- Los apologistas griegos -- La literatura más antigua sobre los mártires -- Comienzos de la poesía cristiana -- Ireneo e Hipólito -- Alejandría -- Clemente -- Orígenes -- Otros escritores griegos del siglo III -- La primera literatura cristiana de Occidente -- La literatura cristiana de África -- La edad de los tetrarcas y de Constantino. | |
| 526 | _aSEG42 | ||
| 526 | _aSEG41 | ||
| 526 | _aSEG40 | ||
| 526 | _aSEG39 | ||
| 526 | _aP94 | ||
| 526 | _aP87 | ||
| 526 | _aP86 | ||
| 526 | _aP85 | ||
| 526 | _aP77 | ||
| 526 | _aP76 | ||
| 526 | _aP35 | ||
| 541 | _g006-35830; | ||
| 650 | 0 | 4 |
_aLiteratura cristiana primitiva _xAutores griegos _vHistoria y crítica. |
| 650 | 0 | 4 |
_aLiteratura cristiana primitiva _xAutores latinos _vHistoria y crítica. |
| 942 |
_2ddc _cBOOK |
||
| 949 |
_a281.0888 M79 1 _wDEWEY _c1 _i59223 _d2015-8-20 _e2015-8-20 _lCCODEBUL1 _mBUL _n1 _r0 _sY _tBOOK _u2015-6-25 _xTEOLOGIA _PP35 _0COMPRA _o.STAFF. Colección General |
||
| 949 |
_a281.0888 M79 1 _wDEWEY _c2 _i59014 _lCCODEBUL1 _mBUL _p62.00 _r0 _sY _tBOOK _u2015-6-25 _xTEOLOGIA _zUNKNOWN _0COMPRA _o.STAFF. Colección General |
||
| 994 |
_aC0 _bPEPRU |
||
| 596 | _a1 | ||
| 999 |
_a281.0888 M79 1 _wDEWEY _c47852 _i59223 _d47852 _e2017-6-23 _f2021-11-11 _g6 _lCCODEBUL1 _mBUL _n4 _p48.26 _q1 _r0 _sY _tBOOK _u2015-6-25 _xTEOLOGIA _PP35 _0COMPRA _o.STAFF. Colección Teología |
||
| 999 |
_a281.0888 M79 1 _wDEWEY _c2 _i59014 _d2018-5-15 _e2018-5-8 _f2021-11-11 _g5 _lCCODEBUL1 _mBUL _n1 _p62.00 _q1 _r0 _sY _tBOOK _u2015-6-25 _xTEOLOGIA _zUNKNOWN _0COMPRA _o.STAFF. Colección General |
||
| 980 |
_81 _gALBERTO SANCHEZ Responsable de Automatización |
||